Diccionario de la droga y del narcotráfico /

Guardado en:
Autor Principal: Giorlandini, Eduardo
Formato: Libro
Publicado: Bahía Blanca : Instituto Superior Juan Xxiii, 1995
Materias:
Etiquetas: Agregar Etiqueta
Sin Etiquetas, Sea el primero en etiquetar este registro!
LEADER 00580nam a22001935a 4500
001 CEM.cems009379
005 20081212120923.0
008 130507s1995##################000#0#####d
003 CEMS
020 |a 9509771112 
082 0 4 |a 616.86 
100 1 |a Giorlandini, Eduardo 
245 1 0 |a Diccionario de la droga y del narcotráfico /  |c Eduardo Giorlandini 
260 |a Bahía Blanca :  |b Instituto Superior Juan Xxiii,  |c 1995 
300 |a 191 p. 
653 |a Diccionarios 
653 |a Drogadicción 
653 |a Narcotráfico 
859 |a CEMS  |b BIB. CEMS - 11 de abril  |h 616.86  |i G438  |p 19043.96  |t Ej.1